Reference manual for UGC examinations : (Record no. 136476)

MARC details
000 -LEADER
fixed length control field 00830nam a22002417a 4500
003 - CONTROL NUMBER IDENTIFIER
control field dpl
005 - DATE AND TIME OF LATEST TRANSACTION
control field 20180725131758.0
008 - FIXED-LENGTH DATA ELEMENTS--GENERAL INFORMATION
fixed length control field 180603b xxu||||| |||| 00| 0 eng d
010 ## - LIBRARY OF CONGRESS CONTROL NUMBER
LC control number B-217853
020 ## - INTERNATIONAL STANDARD BOOK NUMBER
International Standard Book Number 8188583219
Terms of availability 750.00
035 ## - SYSTEM CONTROL NUMBER
System control number B-217853, B-217868, B-217855
037 ## - SOURCE OF ACQUISITION
Source of stock number/acquisition Cen Lib / Ret
040 ## - CATALOGING SOURCE
Original cataloging agency DPL
Language of cataloging EN
Transcribing agency 0
082 ## - DEWEY DECIMAL CLASSIFICATION NUMBER
Classification number 380
Item number REF
245 ## - TITLE STATEMENT
Title Reference manual for UGC examinations :
Remainder of title NET, SLET, JRF and other UPSC competitive tests commerce
260 ## - PUBLICATION, DISTRIBUTION, ETC. (IMPRINT)
Place of publication, distribution, etc New Delhi
Name of publisher, distributor, etc Reference Press
Date of publication, distribution, etc 2004
270 ## - ADDRESS
Address 4831/24 Ansari Road Darya Ganj
City New Delhi
Postal code 110002
300 ## - PHYSICAL DESCRIPTION
Extent 436p
Other physical details 24cm(Hb)
650 ## - SUBJECT ADDED ENTRY--TOPICAL TERM
Topical term or geographic name as entry element Commerce -- Examinations -- Study guides.
650 ## - SUBJECT ADDED ENTRY--TOPICAL TERM
Topical term or geographic name as entry element Commerce -- Examinations, questions, etc.
650 ## - SUBJECT ADDED ENTRY--TOPICAL TERM
Topical term or geographic name as entry element Examinations -- India -- Study guides.
942 ## - ADDED ENTRY ELEMENTS (KOHA)
Source of classification or shelving scheme Dewey Decimal Classification
Koha item type English Books
Classification part 380
Call number suffix REF
Holdings
Withdrawn status Lost status Damaged status Not for loan Home library Current library Date acquired Source of acquisition Cost, normal purchase price Total Checkouts Full call number Barcode Date last seen Price effective from Koha item type Copy number Cost, replacement price Source of classification or shelving scheme Collection code Total Renewals Date checked out
        Central Library Central Library 03/03/2016 Cen Lib/Ret 750.00   380 REF B-217853 03/03/2016 03/03/2016 English Books            
        Central Library Central Library 11/03/2016 Cen Lib/Ret 750.00   380 REF B-217854 11/03/2016 11/03/2016 English Books 1 750.00        
        Patel Nagar Patel Nagar 25/07/2018 BPPD/PUB 750.00   380 REF B-217855 25/07/2018 25/07/2018 English Books   750.00 Dewey Decimal Classification Non-fiction    
        Sarojini Nagar Sarojini Nagar 12/12/2018     1 380 REF B-217860 08/05/2019 12/12/2018 English Books     Dewey Decimal Classification Non-fiction   09/04/2019
        Shahdara Branch Shahdara Branch 03/06/2018 BPPD/PUB 750.00 2 380 REF B-217868 20/07/2019 03/06/2018 English Books   750.00 Dewey Decimal Classification Non-fiction 4 15/05/2019

© Delhi Public Library
Hit Counter
free hit counter